000 01609nam a2200409Ii 4500
001 DIGNPAT0047
003 NyNyDIG
008 160720s2013 cl ob 000 0 spa d
006 m o d
007 cr |||||||||||
035 _a(OCoLC)956263761
040 _aDGITA
_beng
_erda
_epn
_cDGITA
020 _a9789562465984
_q(eBook ;
_qePub)
020 _a9562465985
_q(eBook ;
_qePub)
020 _z9789562464314
020 _z9562464318
050 1 4 _aHQ767.15 ebook
082 0 4 _a241.6976
_223
100 1 _aAstaburuaga Ossa, Francisco Javier,
_d1961-
_eauthor.
245 1 0 _aAborto terapéutico :
_b¿la vida de la madre o la vida del hijo? /
_cFrancisco Javier Astaburuaga O.
264 1 _aSantiago, Chile :
_bNueva Patris,
_c[2013]
300 _a1 online resource.
336 _atext
_btxt
_2rdacontent
337 _acomputer
_bc
_2rdamedia
338 _aonline resource
_bcr
_2rdacarrier
504 _aIncludes bibliographical references.
588 0 _aOnline resource; title from ePub title page (Digitalia, viewed July 29, 2016)
650 0 _aAbortion
_xMoral and ethical aspects.
650 0 _aAbortion
_xReligious aspects
_xChristianity.
655 0 _aElectronic books.
791 2 _aDigitalia (Firm),
_edistributor.
793 0 _gDigitalia eBook Collection:
_aNueva Patris.
776 0 8 _iPrint version:
_aAstaburuaga Ossa, Francisco Javier, 1961-
_tAborto terapéutico.
_dSantiago, Chile : Nueva Patris, [2011]
_z9789562464314
_w(OCoLC)793671146
856 4 0 _3Digitalia Hispánica
_uhttps://www.digitaliapublishing.com/a/28726/
910 _aPremium Collection: 2016
942 _cRAA
999 _c239320
_d239320